Statistiques concernant Pokémon 7ème génération US/UL FR

Cliquez ici pour prendre le quiz!

Statistiques générales

  • Ce quiz a été pris 47 fois
  • Le résultat moyen est 70 sur 86

Statistiques - réponses

Hint Answer % Correct
722Brindibou
100%
726Matoufeu
100%
730Oratoria
100%
723Efflèche
100%
725Flamiaou
100%
724Archéduc
100%
728Otaquin
97%
729Otarlette
97%
731Picassaut
97%
791Solgaleo
97%
792Lunala
97%
727Félinferno
97%
795Cancrelove
97%
799Engloutyran
94%
793Zéroïd
94%
797Bamboiselle
94%
794Mouscoto
94%
733Bazoucan
94%
800Necrozma
90%
798Katagami
90%
777Togedemaru
90%
735Argouste
90%
753Mimantis
90%
785Tokorico
87%
757Tritox
87%
754Floramantis
87%
788Tokopisco
87%
746Froussardine
87%
789Cosmog
84%
776Boumata
84%
737Chrysapile
84%
784Ékaiser
84%
796Cablifère
84%
758Malamandre
84%
790Cosmovum
84%
786Tokopiyon
84%
787Tokotoro
84%
734Manglouton
84%
805Ama-Ama
84%
751Araqua
84%
801Magearna
84%
770Trépassable
81%
783Écaïd
81%
779Denticrisse
81%
765Gouroutan
81%
752Tarenbulle
81%
763Sucreine
81%
732Piclairon
81%
761Croquine
77%
782Bébécaille
77%
749Tiboudet
77%
745Lougaroc
77%
744Rocabot
77%
741Plumeline
77%
807Zeraora
77%
756Lampignon
77%
739Crabagarre
77%
736Larvibule
77%
802Marshadow
77%
738Lucanon
74%
803Vémini
74%
804Mandrillon
74%
750Bourrinos
74%
740Crabominable
74%
767Sovkipou
74%
768Sarmuraï
74%
780Draïeul
74%
769Bacabouh
74%
766Quatermac
74%
764Guérilande
74%
778Mimiqui
74%
755Spododo
74%
762Candine
71%
759Nounourson
71%
775Dodoala
71%
772Type:0
71%
781Sinistrail
71%
774Météno
68%
760Chelours
68%
743Rubombelle
65%
742Bombydou
65%
773Silvallié
65%
806Pierroteknik
65%
747Vorastérie
58%
748Prédastérie
58%
771Concombaffe
55%

Distribution des résultats

Percentile par nombre de réponses

% des personnes avec chaque résultat

Votre développement - résultats

Vous n’avez pas pris ce quiz